[Event "ACL-A657"]
[Site "www.playchess.de"]
[Date "2006.01.16"]
[Round "5"]
[White "WPrimo"]
[Black "M_L"]
[WhiteElo "1500"]
[BlackElo "1501"]
[PlyCount "56"]
[Result "0-1"]

1.c4 {Hello and good luck!}  e5 {Hi and good 
game!}  2.g3 Nf6 3.Nc3 d5 4.Bg2 d4 5.Nd5 Nfd7 6.a3 
a5 7.e4 c6 8.d3 cxd5 9.exd5 Nc5 10.Nf3 Bf5 11.Bf1 
Be7 12.Be2 Nbd7 13.O-O Qb6 14.Re1 Qb3 15.Qxb3 Nxb3 
16.Rb1 Nbc5 17.Rd1 a4 18.b4 axb3 19.Nh4 Bxh4 
20.gxh4 Nb6 21.f4 Nba4 22.Bd2 Nc3 23.Rde1 Rxa3 
24.Bf1 Bxd3 25.Rxe5+ Kd8 26.d6 Bxb1 27.Rxc5 b2 
28.Rc7 Be4 0-1

[Event "HCL-B3812"]
[Site "www.playchess.de"]
[Date "2006.01.16"]
[Round "2"]
[White "dynamike"]
[Black "Crusaders"]
[WhiteElo "1512"]
[BlackElo "1500"]
[PlyCount "49"]
[Result "0-1"]

1.e4 g6 2.d4 Bg7 3.Nf3 e6 4.Be3 Ne7 5.Be2 b6 6.Nc3 
Bb7 7.Qd2 O-O 8.O-O d6 9.Rad1 Nd7 10.Bh6 Re8 
11.Bxg7 Kxg7 12.h3 Nf6 13.Qe3 h6 14.e5 Nfd5 
15.Nxd5 Bxd5 {Happy New Year 2006 Best regards 
Dirk}  16.c4 {frohes neues Jahr!}  Nf5 {Wünsche 
ebenfalls einen Guten Rutsch ins neue Jahr 2006!}  
17.Qc3 Bb7 18.d5 exd5 19.cxd5 dxe5 20.Nxe5 Qf6 
21.f4 Re7 22.g4 Nd6 23.Rf3 Rae8 24.Kh2 a6 
25.Kg3 0-1

[Event "HCL-B3833"]
[Site "www.playchess.de"]
[Date "2006.01.16"]
[Round "11"]
[White "PhilipKaveny"]
[Black "Skipper_Robert"]
[WhiteElo "1353"]
[BlackElo "1044"]
[PlyCount "27"]
[Result "1-0"]

1.e4 {Very Good Game last time good to have 
another chance at you}  e5 {I think, I had much 
luck in the last game}  2.f4 {You played very well 
and busted me}  exf4 3.Nf3 d6 4.d4 g5 5.Bc4 Nf6 
6.Bxf7+ Kxf7 7.Nxg5+ Kg6 8.h4 Bg4 9.Qd3 Qe7 
10.Bxf4 Bh6 11.O-O Bxg5 12.Bxg5 Qxe4 13.Rxf6+ Kh5 
{auuuuuuuuu!}  14.Rh6+ {I had to look at this 
several times}  1-0

[Event "HCL-A2559"]
[Site "www.playchess.de"]
[Date "2006.01.16"]
[Round "3"]
[White "gridguy"]
[Black "Whiterock"]
[WhiteElo "1745"]
[BlackElo "1472"]
[PlyCount "39"]
[Result "1-0"]

1.d4 {Happy New Year from Seattle}  Nf6 {Happy New 
Year to you too and greetings from Calgary!}  2.c4 
e5 3.dxe5 Ng4 4.Bf4 Bb4+ 5.Nd2 Nc6 6.Ngf3 Qe7 7.a3 
Bc5 8.e3 a6 9.Be2 O-O 10.Ne4 Ba7 11.Qd5 Kh8 12.h3 
Nh6 13.Bxh6 gxh6 14.Rd1 Rg8 15.O-O Qe6 16.Nf6 Rg7 
17.g4 d6 18.Qxe6 fxe6 19.exd6 cxd6 
20.Rxd6 1-0

[Event "HCL-B3736"]
[Site "www.playchess.de"]
[Date "2006.01.16"]
[Round "1"]
[White "nichju"]
[Black "ronan48"]
[WhiteElo "1057"]
[BlackElo "926"]
[PlyCount "59"]
[Result "1-0"]

1.e4 e5 2.Nf3 Nc6 3.Bc4 h6 4.Nc3 d6 5.O-O Nf6 6.d3 
a6 7.b3 b5 8.Bd5 Bd7 9.Ba3 b4 10.Bxb4 a5 11.Ba3 
Be7 12.Nb5 Rc8 13.Bxc6 Bxc6 14.Na7 Ra8 15.Nxc6 Qd7 
16.Nxe7 Qxe7 17.d4 O-O 18.dxe5 Nxe4 19.exd6 cxd6 
20.Re1 Rad8 21.Qd5 Qc7 22.Qxe4 Rde8 23.Qg4 Qxc2 
24.Bxd6 Rxe1+ 25.Nxe1 Qc8 26.Qxc8 Rxc8 27.f4 Rd8 
28.Bc7 Rc8 29.Bxa5 f5 30.Nf3 1-0

[Event "HCL-E1531"]
[Site "www.playchess.de"]
[Date "2006.01.16"]
[Round "6"]
[White "takesa"]
[Black "jabbaman"]
[WhiteElo "1564"]
[BlackElo "1514"]
[PlyCount "53"]
[Result "1-0"]

1.e4 d6 {good game!}  2.f4 {let's do our best for 
a good game!}  g6 {crush you like a peanut??}  
3.Nf3 {you seem pretty modest to me...}  Bg7 {or 
crush me like a peanut - either way a good game. 
btw - there is no modesty in chess - that's why we 
play}  4.Nc3 {ok - let's fight!}  Bg4 {that's 
better - now we can have a great game!}  5.Bc4 Nf6 
{interesting version}  6.e5 {-}  dxe5 {the problem 
with the pirc!}  7.fxe5 {)}  Bxf3 8.Qxf3 Nc6 
9.exf6 Bxf6 10.Ne2 O-O 11.c3 Ne5 12.Qe4 c6 13.O-O 
b5 14.Bb3 c5 15.d4 Nd7 16.Be3 Rc8 17.Bc2 Bg7 
18.Nf4 e5 19.dxe5 Bxe5 20.Rad1 Bxf4 21.Qxf4 Qe7 
{not looking too goo now - for that matter - for a 
while! :)}  22.Rf3 {-)}  Ne5 23.Rh3 f5 
{aggggresive! not a hope!}  24.Qg3 {two bishops 
against a knight with a poor pawn ... somewhat 
quijotesq}  Ng4 {true ... hope is diminishing!}  
25.Bf4 Qe2 26.Rd2 Qc4 27.Bb3 1-0

[Event "HCL-B3697"]
[Site "www.playchess.de"]
[Date "2006.01.16"]
[Round "18"]
[White "zemljanin"]
[Black "ppadala"]
[WhiteElo "1360"]
[BlackElo "1243"]
[PlyCount "49"]
[Result "1/2-1/2"]

1.e4 e5 2.f4 exf4 3.Nf3 d6 4.d4 g5 5.Bc4 Bg7 6.O-O 
h6 7.e5 Ne7 8.Re1 O-O 9.c3 Bg4 10.e6 fxe6 11.Bxe6+ 
Bxe6 12.Rxe6 Qd7 13.d5 c6 14.dxc6 Nbxc6 15.Rxd6 
Qc7 16.Na3 Rad8 17.Rxd8 Rxd8 18.Qe2 Nd5 19.Qe6+ 
Kh8 20.Bd2 Rd6 21.Qe8+ Kh7 22.Qe4+ Kh8 23.Qe8+ Kh7 
{(offering draw)}  24.Nc4 Rd8 25.Qe4+ {(offering 
draw)}  1/2-1/2

[Event "HCL-B3823"]
[Site "www.playchess.de"]
[Date "2006.01.17"]
[Round "8"]
[White "bob19"]
[Black "Skipper_Robert"]
[WhiteElo "1399"]
[BlackElo "957"]
[PlyCount "85"]
[Result "1-0"]

1.d4 d5 2.Nf3 Nf6 3.e3 Bf5 4.Be2 Nc6 5.O-O Nb4 
6.Na3 a6 7.c3 Nc6 8.h3 e6 9.Nc2 Bd6 10.Nh4 Ne4 
11.Nxf5 exf5 12.c4 dxc4 13.Bxc4 Qf6 14.a3 O-O-O 
15.Qf3 Ng5 16.Qe2 Nb8 17.Nb4 c6 18.f4 Ne4 19.Qf3 
Rhe8 20.d5 Bc5 21.dxc6 bxc6 22.Nxa6 Nxa6 23.Bxa6+ 
Kc7 24.Rb1 Rda8 25.Bd3 Rad8 26.Bxe4 fxe4 27.Qe2 g6 
28.b4 Bb6 29.Bb2 Qd6 30.Be5 Rxe5 31.fxe5 Qxe5 
32.Rxf7+ Kb8 33.b5 c5 34.a4 Bc7 35.Rxc7 Qxc7 36.b6 
Qc6 37.a5 Qa4 38.a6 Qa5 39.a7+ Kb7 40.Qc4 Rc8 
41.Qxe4+ Rc6 42.Qe7+ Kc8 {very good!}  
43.b7+ 1-0

[Event "HCL-C4024"]
[Site "www.playchess.de"]
[Date "2006.01.17"]
[Round "1"]
[White "lierozip"]
[Black "finarfin"]
[WhiteElo "800"]
[BlackElo "1100"]
[PlyCount "25"]
[Result "1-0"]

1.e4 {selam ba&#351;ar&#305;lar}  e5 2.d3 {sana da 
bilader}  Bc5 3.Nc3 Nf6 4.Bg5 d6 5.Nf3 Nc6 6.Be2 
Be6 7.O-O Qd7 8.a4 O-O-O 9.Nb5 Bh3 10.gxh3 Qxh3 
11.Bxf6 gxf6 12.Nxa7+ Bxa7 13.c3 1-0

[Event "ACL-T171"]
[Site "www.playchess.de"]
[Date "2006.01.17"]
[Round "6"]
[White "Walter"]
[Black "Chascarrillo"]
[WhiteElo "1920"]
[BlackElo "2133"]
[PlyCount "20"]
[Result "0-1"]

1.e4 e5 2.Nf3 Nc6 3.Bb5 f5 4.Nc3 {Hi..Let the 
games begin ..again
I got into time trouble over the holidays..}  fxe4 
5.Nxe4 Nf6 6.Qe2 d5 7.Nfg5 dxe4 8.Nxe4 Qd5 9.Nxf6+ 
gxf6 10.Bc4 Qxg2 0-1

[Event "HCL-C4060"]
[Site "www.playchess.de"]
[Date "2006.01.17"]
[Round "3"]
[White "Farquhart"]
[Black "Milosforman"]
[WhiteElo "592"]
[BlackElo "863"]
[PlyCount "20"]
[Result "0-1"]

1.e4 c5 2.d3 e5 3.Nf3 d6 4.Nc3 Be6 5.Bg5 f6 6.Bd2 
Be7 7.a4 Qc7 8.Nd5 Bxd5 9.exd5 Nd7 10.Rg1 
Nb6 0-1

[Event "HCL-B3793"]
[Site "www.playchess.de"]
[Date "2006.01.17"]
[Round "17"]
[White "evets"]
[Black "djpnola"]
[WhiteElo "1445"]
[BlackElo "1173"]
[PlyCount "90"]
[Result "0-1"]

1.Nf3 Nc6 {Hello again.}  2.d4 d5 3.Nbd2 Bg4 4.c3 
e5 5.dxe5 Bxf3 6.Nxf3 Bc5 7.Qb3 Nge7 8.Bg5 O-O 
9.Bxe7 Bxe7 10.Qxb7 Na5 11.Qa6 c5 12.e3 Nc4 
13.Bxc4 dxc4 14.Qxc4 Qb6 15.O-O-O Rad8 16.h4 Rxd1+ 
17.Rxd1 Rb8 18.b3 Rd8 19.Rxd8+ Bxd8 20.Ng5 Bxg5 
21.hxg5 Qc6 22.e4 h6 23.f4 hxg5 24.fxg5 Qg6 
25.Qxc5 Qxg5+ 26.Kb2 Qxg2+ 27.Ka3 Qxe4 28.Qxa7 
Qxe5 29.c4 g5 30.c5 g4 31.b4 Qc3+ 32.Ka4 Qc2+ 
33.Kb5 g3 34.c6 Qd3+ 35.Ka4 g2 36.Qb8+ Kg7 37.Qe5+ 
Kg6 38.c7 Qc2+ 39.Kb5 g1Q 40.Qd6+ Kg7 41.Qe5+ Kg6 
42.Qh8 Qg5+ 43.Kb6 Qf2+ 44.Kb7 Qd5+ 45.Kb8 
Qb6+ 0-1

[Event "HCL-M864"]
[Site "www.playchess.de"]
[Date "2006.01.17"]
[Round "15"]
[White "Nigel"]
[Black "Harijs"]
[WhiteElo "2126"]
[BlackElo "1832"]
[PlyCount "55"]
[Result "1-0"]

1.e4 {Hi,have a good game.}  e5 {Hello from 
Latvia! Good game.}  2.Nf3 Nf6 3.Nxe5 d6 4.Nf3 
Nxe4 5.d4 d5 6.Bd3 Be7 7.O-O O-O 8.Re1 f5 9.Bf4 c5 
10.c4 Nc6 11.Nc3 Nxc3 12.bxc3 cxd4 13.Bf1 dxc4 
14.Bxc4+ Kh8 {Merry Christmas!}  15.Nxd4 Na5 
16.Bd3 Bf6 17.Nb5 a6 18.Nc7 Ra7 19.Ne6 Bxe6 
20.Rxe6 Bxc3 21.Rc1 Bb2 22.Rc2 Ba3 23.Rc7 Bb2 
24.Bd6 Nc6 25.Rxc6 bxc6 26.Bxf8 Qxf8 27.Qe2 Ba3 
28.Re8 1-0

[Event "HCL-A2412"]
[Site "www.playchess.de"]
[Date "2006.01.17"]
[Round "10"]
[White "ippuli"]
[Black "M_L"]
[WhiteElo "1541"]
[BlackElo "1922"]
[PlyCount "70"]
[Result "0-1"]

1.e4 {Terve! Nais tu meet juu...}  e5 {Jyy tyy..}  
2.d4 {Vai tämmöisillä enklannin kyvyillä 
käännetään kansainvälisiä tsakkisivuja!! ;oD}  
exd4 {Heh, no sanos muuta, ei tainnu parempiakaan 
oikein löytyä =D.}  3.c3 {Näkyy tuolla olevan 6 
Suomalaista rekisteröityneenä, miten aktiivisia 
sitten lienevät...}  d5 {Jep, toisilla sivustoilla 
on selkeästi enemmän. Kenties kohta käännöstyömme 
ansiosta suomalaispelaajien määrä täällä kasvaa 
räjähdysmäisesti :).}  4.e5 {Toivoa sopii....}  
dxc3 5.Nf3 cxb2 6.Bxb2 {Nyt meni kyllä ahneeksi!}  
Nh6 {Pitää syödä, kun kerran tarjotaan. :-)}  
7.Bd3 {Niin, nykyään saa niin vähän 
ilmaiseksi....}  c5 {Aivan. =)}  8.O-O {Linna 
kutsuu!}  Nc6 {Mun kunkku nauttii raikkaasta 
ulkoilmasta. =)}  9.Re1 {Pannaanpa vähän "turvaa" 
zoomaamaan sinne sen ulkoilmaan...}  Be6 {Zoomaile 
rauhassa, lisätään näköestettä...}  10.Nc3 
{Kohtahan tarvitsee röntgenin....}  Qd7 {=)}  
11.Ng5 {Haluaisiko herra luopua lähettiparista?}  
O-O-O {No mikäpä ettei..}  12.Nxe6 {Se on miähen 
puhetta....}  fxe6 {Heh =)}  13.Qa4 {Seuraa huge 
liikekannallepano....}  a6 {Mun moukut meinaa 
tarjota kovan vastarinnan.}  14.Rab1 {Taistelu on 
aina tervetullut.... Jossain vaiheessahan on pakko 
karsia niitä moukkuja!}  Nb4 {Jep..Viimeistään sit 
ku ne muuttuu isommiksi ja uhkaavammiksi.}  15.Qd1 
{Tai siis, JOS ne muuttuu.... Karkuunhan tässä 
pitää lähteä!}  Nxd3 {Siis, KUN ne 
muuttuu...Viisas idea. ;)}  16.Qxd3 {Siis turpiin 
tulee joka tapauksessa....}  Qc6 {=)}  17.Ne2 {Jos 
mää sua yhtään tunnen, niin aiot tuupata 
vapareitas etteenpäin... Toisaalta, et voi nyt 
niin tehdä, koska myöntäisit minun olleen 
oikeassa!! ;-)}  g5 {Etpä ollu oikeassa =P Vaan 
ehtiipä noita vielä tuuppiakin..Tää solttu tahtoo 
ensteks käydä sun kunkkus kimppuun ;)}  18.Rec1 
{Kunkku ja kunkku ja kunkku!! Eikö sulla tosiaan 
oo muuta mielessä? :+o}  Kb8 {Heh.. No välillä 
aattelen omaaki kunkkua :-P}  19.Ba3 {Hyva...}  c4 
{Mites meni Kostamuksen reissu? Opetitko 
venäläisille miten tätä oikein pelataan...Vai 
tuliko pahastikin turpiin? ;)}  20.Qc3 {Toisilta 
tuli turpiin ja toisille tuli annettua  niin että 
muistavat monta vuotta!! Ainakin sikäki mikäli 
kaiken muistan....}  Bxa3 {Heh, no hyvä, tais 
juomatki riittää hyvin..;)}  21.Qxa3 {Niillä 
hinnoilla muutamankin euron juominen illassa teki 
tiukkaa...}  d4 {Aivan =P Nyt saat niitä tilaamias 
eteenpäin tuuppautuvia vapareita sitten..}  22.Qb4 
{Enhän MINÄ niitä tilannut!}  d3 {Ai, no mä kun 
luulin..Täältä näitä nyt tulis kuitenki ;P}  
23.Nc3 {Et sitten voinut hillitä ittiäs....}  Rd4 
{No en sitten millään..}  24.f3 {Seuraavaksi 
taitaa kaukoputki suunnata meitsin kunkkua 
kohti!!}  d2 {Heh, siltäkö tuntuu vai..Ihan kelpo 
zoomaaja oot itekki =P}  25.Rcd1 {No, tässä ollaan 
pian ihan tupelolla nuitten sun tulevien Daamies 
kanssa! :)}  Rhd8 {Saan kuningattaria lisää vai, 
no käyhän se ;P}  26.Rb2 {Jos yrittäis vähän panna 
kampoihin....}  Nf5 {Se on aina tervetullutta =) 
Hyvää joulua muuten ;)}  27.Ne4 {Kiitos, sitä 
samaa! Alkaa olla jo voiton puolella (siis joulu, 
eikä tämä peli) ;o))}  c3 {Heh, jep. Tää solttu 
päätti olla rohkea loppuun asti..}  28.Qxc3 
{Tässähän käy ihan köpelösti! No, olkoon vaikka 
joululahja...}  Qxc3 {Hoh hoh. Pitäiskö kiittää. 
=P No parhaimman vastuksen annoit kyllä tässä 
turnauksessa, tässä pelissä joutu eniten 
miettimään..Kiitos peleistä ;)}  29.Nxc3 {Kiitos 
itsellesi, aina saa jotain oppia Mestarilta! ;o)}  
Ne3 {Imartelevaa mutta liioittelet, pelasit nyt 
ihan vain harrastelijan kanssa =) Mutta voin antaa 
oppitunteja jatkossakin ;P}  30.Rdb1 {Kyllä 
kelpaa, kunhan osutaan samoihin turnauksiin.....}  
d1Q+ {=)}  31.Nxd1 R4xd1+ 32.Kf2 Rxb1 {Haluat 
opetusta loppupelissäkin vai ;)}  33.Rxb1 {Siitä 
ei ole koskaan haittaa.... Oppii kunnon 
realisointia!!}  Nc4 {Tärkeä osa shakissa..Esim. 
tässä ei ois tehny mieli pudottaa tota ratsua ;)}  
34.Kg3 {Ois mulla tehny mieli se saada....}  Rd5 
{En epäile..Pelataanko me tääkin mattiin asti? Käy 
mulle =P}  35.Rc1 {Tuskin kannattaa ihan masaan 
asti....}  b5 {Sitä mäki vähän..} 
 0-1

[Event "HCL-A2542"]
[Site "www.playchess.de"]
[Date "2006.01.17"]
[Round "16"]
[White "yannick"]
[Black "alvimrf"]
[WhiteElo "1596"]
[BlackElo "1784"]
[PlyCount "108"]
[Result "1/2-1/2"]

1.e4 {hi,good tournament}  c5 {Hi from Brasil}  
2.Nf3 Nc6 3.Bb5 a6 4.Bxc6 bxc6 5.O-O d5 6.Nc3 Bg4 
7.e5 e6 8.d3 Ne7 9.Re1 d4 10.Ne4 Nd5 11.h3 Bh5 
12.g4 Bg6 13.Bg5 Qb6 14.Qc1 h6 15.Bh4 h5 16.c4 
hxg4 17.hxg4 Bxe4 18.Rxe4 Ne7 19.b3 Ng6 20.Bg5 Rb8 
21.Rb1 Be7 22.Qd2 Bxg5 23.Nxg5 Rh6 24.Kg2 Nh4+ 
25.Kg1 Qd8 26.Kf1 Qe7 27.Rbe1 Rg6 28.f4 Rxg5 
29.fxg5 Nf3 30.Qf4 Nxe1 31.Rxe1 Kd7 32.Kg2 Rf8 
33.Rh1 Kc7 34.Rh7 Rg8 35.g6 fxg6 36.Qf6 Kd8 
37.Qxg6 Qe8 38.Qe4 Kc7 39.g5 Kb8 40.g6 Qd8 41.Qg4 
Rf8 42.Rxg7 Rf5 43.Kh3 {I d'ont know what to play 
in our other game,lol}  Qf8 {It´s a very good 
game!}  44.Rh7 {sure but very difficult}  Rf1 
45.Qe4 Rg1 46.g7 Qf7 {Unfortunately I've got to 
go! See you tomorrow!}  47.a3 {ok waiting}  Qf1+ 
48.Kh4 Qf2+ 49.Kh5 Qh2+ 50.Qh4 Qxe5+ 51.Kh6 Qe3+ 
52.Kh5 Qf3+ 53.Kh6 Qe3+ 54.Kh5 Qe5+ {(offering 
draw)}  1/2-1/2

[Event "HCL-E1504"]
[Site "www.playchess.de"]
[Date "2006.01.17"]
[Round "3"]
[White "Arman_Bulatov"]
[Black "Paul_D"]
[WhiteElo "1623"]
[BlackElo "1536"]
[PlyCount "45"]
[Result "1-0"]

1.e4 {hi enjoy the game}  e5 {Hello and thank you. 
 I hope you have an enjoyable game, too.}  2.Nf3 
Nc6 3.Bb5 a6 4.Ba4 Nf6 5.O-O Nxe4 6.d4 exd4 7.Re1 
d5 8.Nxd4 Bd7 9.Bxc6 bxc6 10.f3 c5 11.Nb3 Bg4 
12.fxg4 c6 13.Nc3 Be7 14.Nxe4 dxe4 15.Qxd8+ Rxd8 
16.Rxe4 Kd7 17.Be3 Rhe8 18.Rd1+ Kc8 19.Rxd8+ Kxd8 
20.Nxc5 g6 21.Nxa6 f5 22.gxf5 gxf5 
23.Re5 1-0

[Event "HCL-B3804"]
[Site "www.playchess.de"]
[Date "2006.01.17"]
[Round "16"]
[White "Snillie"]
[Black "dynamike"]
[WhiteElo "1479"]
[BlackElo "1479"]
[PlyCount "74"]
[Result "0-1"]

1.c4 Nf6 2.g3 e6 3.Bg2 c6 4.Nf3 d5 5.b3 Be7 6.O-O 
O-O 7.Bb2 Nbd7 8.d4 Ne4 9.Nbd2 Ndf6 10.Qc2 Qa5 
11.Nxe4 Nxe4 12.Ne5 f5 13.Bxe4 fxe4 14.a3 Bd6 
15.b4 Qd8 16.c5 Bxe5 17.dxe5 Bd7 18.Bd4 Rc8 19.f3 
exf3 20.exf3 b6 21.Rac1 h5 22.Qf2 bxc5 23.Bxc5 Rf5 
24.f4 a5 25.h3 axb4 26.axb4 g5 27.Kh2 Ra8 28.Qe2 
Be8 29.Rfg1 Kh7 30.fxg5 Rxg5 31.Rcf1 Rg8 32.Rf6 
Qd7 33.Qe3 Rg6 34.Rgf1 Ra2+ 35.Kh1 Qg7 36.Qd3 Ra8 
37.Qf3 Rxg3 0-1

[Event "HCL-A2542"]
[Site "www.playchess.de"]
[Date "2006.01.17"]
[Round "10"]
[White "alvimrf"]
[Black "ippuli"]
[WhiteElo "1784"]
[BlackElo "1637"]
[PlyCount "54"]
[Result "1-0"]

1.c4 Nf6 {Hello! Good luck....}  2.d4 {Hi, good 
luck!}  e5 3.Bg5 Be7 4.Nf3 e4 5.Nfd2 e3 6.Bxe3 Ng4 
7.Bf4 Bg5 8.Bxg5 Qxg5 9.e4 Nc6 10.Nf3 Qh5 11.Nc3 
O-O 12.Be2 f5 13.e5 d6 14.Nb5 Rf7 15.exd6 cxd6 
16.Nxd6 Rd7 17.c5 b6 18.Qa4 Rxd6 19.cxd6 Bd7 20.h3 
Re8 21.Qc4+ Kh8 22.O-O Na5 23.Qc7 Rxe2 24.hxg4 
fxg4 25.Qxd7 gxf3 26.Qc8+ Re8 {Uuups, I'm 
dead....}  27.d7 Nb7 1-0

[Event "HCL-B3754"]
[Site "www.playchess.de"]
[Date "2006.01.17"]
[Round "7"]
[White "googleforu"]
[Black "fire-serpent"]
[WhiteElo "1202"]
[BlackElo "1140"]
[PlyCount "55"]
[Result "1-0"]

1.e4 e6 2.e5 d5 3.d4 c5 4.dxc5 Nc6 5.Nf3 Bxc5 6.a3 
Nge7 7.Nc3 O-O 8.Bd3 Ng6 9.Bxg6 fxg6 10.O-O b6 
11.Re1 Qc7 12.b4 Be7 13.Bb2 Rf5 14.Qd3 Nxe5 
15.Nxe5 Bf6 16.Ng4 a5 17.Nxf6+ gxf6 18.Nb5 Qc4 
19.Qxc4 dxc4 20.Nd6 Rd5 21.Nxc4 Rb5 22.Bxf6 Kf7 
23.Nd6+ Kxf6 24.Nxb5 Ba6 25.Nc7 Ra7 26.Rxe6+ Kf5 
27.Rxb6 Rxc7 28.Rxa6 1-0

[Event "HCL-B3786"]
[Site "www.playchess.de"]
[Date "2006.01.17"]
[Round "2"]
[White "Andron_Tr"]
[Black "Sarek7"]
[WhiteElo "1200"]
[BlackElo "1150"]
[PlyCount "47"]
[Result "1-0"]

1.e4 e6 2.d4 d5 3.e5 c5 4.c3 Nc6 5.Nf3 Qb6 6.Be3 
Nh6 7.b3 cxd4 8.Nxd4 Nxd4 9.Bxd4 Bc5 10.Bd3 Bxd4 
11.cxd4 O-O 12.O-O Qxd4 13.Bxh7+ Kxh7 14.Qxd4 Bd7 
15.Nd2 Nf5 16.Qd3 g6 17.Nf3 Rac8 18.Ng5+ Kg7 
19.Rac1 Rxc1 20.Rxc1 a6 21.Rc7 Bc6 22.Nxe6+ Kg8 
23.Nxf8 Kxf8 24.Qh3 1-0

[Event "HCL-C4024"]
[Site "www.playchess.de"]
[Date "2006.01.17"]
[Round "7"]
[White "xmen"]
[Black "lierozip"]
[WhiteElo "799"]
[BlackElo "800"]
[PlyCount "31"]
[Result "1-0"]

1.e4 e5 2.Nf3 d6 3.d4 exd4 4.Nxd4 Nf6 5.Nc3 Bd7 
6.Bc4 Bc6 7.f3 a6 8.Bg5 Nbd7 9.a4 Ne5 10.Ba2 Be7 
11.b4 O-O 12.Nf5 Re8 13.Nxe7+ Qxe7 14.Nd5 Bxd5 
15.Bxd5 c6 16.Bb3 1-0

[Event "HCL-E1553"]
[Site "www.playchess.de"]
[Date "2006.01.17"]
[Round "4"]
[White "Eishockeytorwart"]
[Black "yannick"]
[WhiteElo "1949"]
[BlackElo "1584"]
[PlyCount "85"]
[Result "1-0"]

1.e4 {welcome from germany}  d6 {same from France 
good tournament}  2.d4 Nf6 3.Nc3 g6 4.Be2 Bg7 
5.Nf3 O-O 6.e5 dxe5 7.Nxe5 Nbd7 8.O-O Nxe5 9.dxe5 
Qxd1 10.Rxd1 Ng4 11.f4 Be6 12.Nd5 Bxd5 13.Rxd5 e6 
14.Rb5 c6 15.Rxb7 Nh6 16.Bf3 Rfb8 17.Rc7 Rbc8 
18.Rxc6 Rxc6 19.Bxc6 Rc8 20.Be4 f5 21.Bd3 Kf7 
22.Be3 Rc7 23.h3 Ng8 24.c4 g5 25.g3 gxf4 26.gxf4 
Ne7 27.Be2 Ng6 28.Rc1 Bf8 29.c5 Bh6 30.Bh5 Ke7 
31.Bxg6 hxg6 32.b4 a6 33.a4 Rc8 34.b5 Rg8 35.h4 
axb5 36.axb5 Kd7 37.c6+ Kc7 38.b6+ Kb8 39.Bc5 Bf8 
40.Bd6+ Bxd6 41.exd6 g5 42.d7 gxh4+ 
43.Kh2 1-0

[Event "HCL-B3785"]
[Site "www.playchess.de"]
[Date "2006.01.17"]
[Round "1"]
[White "handrej68"]
[Black "Snillie"]
[WhiteElo "1437"]
[BlackElo "1467"]
[PlyCount "30"]
[Result "0-1"]

1.d4 Nf6 2.Bg5 e6 3.e4 Be7 4.Bxf6 Bxf6 5.e5 Be7 
6.Qg4 O-O 7.Bd3 Nc6 8.h4 f5 9.Qh3 Nxd4 10.h5 b6 
11.Nf3 Nxf3+ 12.Qxf3 Rb8 13.Nc3 Bb7 14.Qe2 Bg5 
15.g4 Bxh1 0-1

[Event "HCL-B3678"]
[Site "www.playchess.de"]
[Date "2006.01.17"]
[Round "17"]
[White "handrej68"]
[Black "ppadala"]
[WhiteElo "1398"]
[BlackElo "1244"]
[PlyCount "48"]
[Result "0-1"]

1.d4 {hallo, good game}  Nf6 2.Bg5 e6 3.e3 Be7 
4.Nf3 O-O 5.Bd3 Nc6 6.c3 h6 7.Bxf6 Bxf6 8.O-O d5 
9.Nbd2 Re8 10.Qc2 e5 11.Nxe5 Nxe5 12.Rfe1 Nxd3 
13.Qxd3 b6 14.e4 dxe4 15.Nxe4 Bb7 16.Nxf6+ Qxf6 
17.Kf1 Qg5 18.f3 Red8 19.Kg1 c5 20.Rad1 cxd4 
21.cxd4 Rd6 22.Re7 Qxe7 23.Kf2 Rad8 24.Re1 
Qh4+ 0-1

[Event "HCL-M874"]
[Site "www.playchess.de"]
[Date "2006.01.17"]
[Round "6"]
[White "kikoursus"]
[Black "SABU"]
[WhiteElo "2120"]
[BlackElo "2051"]
[PlyCount "73"]
[Result "1/2-1/2"]

1.e4 e5 {Espero hagamos una buena partida}  2.Nf3 
{veamos}  Nc6 3.Bb5 Nf6 4.O-O Nxe4 5.d4 Nd6 6.Bxc6 
dxc6 7.dxe5 Nf5 8.Qxd8+ Kxd8 9.b3 a5 10.Nc3 Ke8 
11.Bb2 Bb4 12.Rad1 Be6 13.Ng5 Bxc3 14.Bxc3 Bd5 
15.a4 h6 16.Nh3 Ke7 17.Rfe1 b6 18.Nf4 Rhd8 19.Bb2 
Be6 20.c4 g5 21.Nh5 Rxd1 22.Rxd1 Rd8 23.Rxd8 Kxd8 
24.h3 {lo cierto es que la Berlinesa me aburre un 
montón.}  b5 25.f4 bxa4 26.bxa4 gxf4 27.Nxf4 Bxc4 
28.Bc3 Bb3 29.Bxa5 Bxa4 30.Nd3 Bb5 {(offering 
draw) Te propongo tablas porque no encuentro la 
manera de progresar para ninguno.}  31.Nc5 
{Prefiero seguir. Ya que estamos. :D}  h5 {De 
acuerdo}  32.Bd2 Ne7 33.Kf2 Ng6 34.Bg5+ Ke8 35.Bf6 
Nf4 36.Kf3 Nd3 37.Nxd3 {(offering draw) Me parece 
que no hay forma de progresar.} 
 1/2-1/2

[Event "HCL-M861"]
[Site "www.playchess.de"]
[Date "2006.01.17"]
[Round "6"]
[White "PaulH"]
[Black "TonyP"]
[WhiteElo "2052"]
[BlackElo "2092"]
[PlyCount "49"]
[Result "1/2-1/2"]

1.d4 Nf6 {Hi - good luck.}  2.c4 e6 3.Nc3 Bb4 4.f3 
c5 5.d5 Bxc3+ 6.bxc3 d6 7.e4 e5 8.Bd3 Nbd7 9.Ne2 
Nf8 10.O-O Ng6 11.Ng3 O-O 12.Bg5 h6 13.Be3 Nf4 
14.Qd2 Nxd3 15.Qxd3 b6 16.h3 Ne8 17.f4 f6 {Happy 
New Year!}  18.Rad1 Qe7 19.fxe5 fxe5 20.Rxf8+ Qxf8 
21.Rf1 Qe7 22.Qd1 Nf6 23.Qf3 Nh7 24.Qf2 Bd7 25.Nf5 
{(offering draw)}  1/2-1/2

[Event "ACL-M075"]
[Site "www.playchess.de"]
[Date "2006.01.17"]
[Round "14"]
[White "bemweeks"]
[Black "Goofy"]
[WhiteElo "2203"]
[BlackElo "1951"]
[PlyCount "93"]
[Result "1/2-1/2"]

1.e4 {Hello again.}  c5 {Hi again! Good game! 
;o))}  2.Nf3 Nc6 3.d4 cxd4 4.Nxd4 Nf6 5.Nc3 e5 
6.Ndb5 d6 7.Bg5 a6 8.Na3 b5 9.Bxf6 gxf6 10.Nd5 Bg7 
11.Bd3 Ne7 12.Nxe7 Qxe7 13.O-O O-O 14.c4 bxc4 
15.Nxc4 Rb8 16.Qf3 Rd8 17.Rac1 f5 18.exf5 d5 
19.Na5 Bd7 20.Bxa6 e4 21.Qg3 Rxb2 22.Bb7 d4 23.Rc7 
Qe5 24.Qg5 Qf6 25.Qxf6 Bxf6 26.Bxe4 Bb5 27.Nc4 
Rxa2 28.Bd3 Kg7 29.Re1 Rda8 30.g3 R8a7 31.Rxa7 
Rxa7 32.Ne5 Bxe5 33.Bxb5 Kf6 34.Kg2 Ra2 35.h4 Ra3 
36.f4 Bd6 37.Rd1 Bc5 38.Bd3 {Best wishes for 2006! 
- Mark}  h5 {Same to you! ;o)) Regards Erik}  
39.Kf3 Bb6 40.Ke4 Ra8 41.Rb1 Re8+ 42.Kd5 Rd8+ 
43.Kc4 Rc8+ 44.Kd5 Rd8+ 45.Kc6 Ba5 46.Kc5 Rg8 
47.Kxd4 {(offering draw)}  1/2-1/2

[Event "HCL-T254"]
[Site "www.playchess.de"]
[Date "2006.01.17"]
[Round "10"]
[White "reddog"]
[Black "marceli"]
[WhiteElo "1816"]
[BlackElo "1786"]
[PlyCount "48"]
[Result "1/2-1/2"]

1.d4 Nf6 2.c4 e6 3.Nc3 Bb4 4.Qc2 {Hi, have good 
game}  c5 5.dxc5 Bxc5 6.Nf3 d5 7.cxd5 Nxd5 8.Nxd5 
Qxd5 9.Bd2 Nc6 10.e3 Be7 11.Be2 {Marry Christmas - 
Frohe Weihnachten}  O-O {thanks, have some nice 
days}  12.O-O Rd8 13.Bc3 Bd7 14.Rfd1 Qf5 15.Qxf5 
exf5 16.Nd4 Rac8 17.Bf3 Nxd4 18.exd4 b6 19.d5 Bd6 
20.Rde1 f6 21.h3 Kf7 22.Re2 Rc4 23.Rd1 Rdc8 
24.Rde1 h6 {(offering draw)}  1/2-1/2